000 00296nam a2200121Ia 4500
008 220204s9999 xx 000 0 und d
082 _a339.564
_bBAL
100 _aBALAGOPAL, T A S
245 0 _aExport management
260 _aBombay
_bHimalaya
_c1977
650 _aExport management
942 _cBK
999 _c26697
_d26697